People That Changed Names - Statistics

General Stats
  • This quiz has been taken 116 times
    66 since last reset
  • The average score is 6 of 12
Answer Stats
Occupation Previously Known As Changed To % Correct
Boxer Cassius Clay Muhammad Ali
95%
Actress Norma Jeane Baker Marilyn Monroe
87%
Musician / Actress Destiny Hope Cyrus Miley Cyrus
84%
Actor Joaquín Rafael Bottom Joaquin Phoenix
72%
Musician Cat Stevens / Steven Demetre Georgiou Yusuf Islam
61%
Basketball player Lew Alcindor Kareem Abdul-Jabbar
51%
Basketball player Ron Artest Metta World Peace
33%
Professional wrestler Steve Williams Steve Austin
30%
Musician Vincent Damon Furnier Alice Cooper
26%
Actor Issur Danielovitch Kirk Douglas
20%
Professional wrestler James Hellwig Warrior
11%
Musician Christopher Breaux Frank Ocean
3%
No matching quizzes found
Score Distribution
Percent of People with Each Score
Percentile by Number Answered
Your Score History
You have not taken this quiz since the last reset